Porovnanie daňového systému SR s daňovým systémom vybranej krajiny diplomová práca

Uložené v:
Podrobná bibliografia
Hlavný autor: Osudská, Karin
Korporativný autor: Fakulta podnikového manažmentu EU. Katedra podnikových financií
Ďalší autori: Ďurinová, Ivona, 1964-
Médium: Kniha
Jazyk:Slovak
Vydavateľské údaje: Bratislava 2018
Tagy: Pridať tag
Žiadne tagy, Buďte prvý, kto otaguje tento záznam!

MARC

LEADER 00000nbm a2200000 4500
001 0244972
005 20181001111209.2
041 0 |a slo 
044 |a SK 
245 1 0 |a Porovnanie daňového systému SR s daňovým systémom vybranej krajiny  |b diplomová práca  |c Karin Osudská ; školiteľ: Ivona Ďurinová 
264 1 |a Bratislava  |c 2018 
300 |a 81 s. 
100 1 |a Osudská, Karin 
700 1 |a Ďurinová, Ivona, 1964- 
710 2 |a Fakulta podnikového manažmentu EU. Katedra podnikových financií